Three essays on the state of economic science

Gespeichert in:
Bibliographische Detailangaben
1. Verfasser: Koopmans, Tjalling C.
Format: Buch
Sprache:Englisch
Veröffentlicht: New York McGraw-Hill Book Co 1957
Tags: Tag hinzufügen
Keine Tags, Fügen Sie das erste Tag hinzu!

MARC

LEADER 00000nam a2200000 4500
001 c129573
005 20221207103429.0
041 0 |a eng 
044 |a US 
245 1 0 |a Three essays on the state of economic science  |c Tjalling C. Koopmans 
264 1 |a New York  |b McGraw-Hill Book Co  |c 1957 
300 |a 231 s. 
100 1 |a Koopmans, Tjalling C.